| 000 | 00364nam a22001577a 4500 | ||
|---|---|---|---|
| 005 | 20180412154315.0 | ||
| 008 | 160624b xxu||||| |||| 00| 0 eng d | ||
| 041 | _aeng | ||
| 082 |
_b9758 _a348 |
||
| 100 |
_aShukla, T.N. _9480 |
||
| 245 | _aIndian Contract Act-1872 | ||
| 260 |
_bKamal Law House _c2009 |
||
| 300 | _a84 | ||
| 650 |
_aManagement _9241 |
||
| 942 | _cBK | ||
| 999 |
_c3791 _d3790 |
||